MARC

LEADER 00000nam0a2200000 4500
001 30643
005 20231030204039.0
035 |a (RuTPU)RU\TPU\book\30916 
035 |a BOOK00030993 
090 |a 30643 
100 |a 20011209d2001 m y0rusy50 ca 
101 0 |a rus 
102 |a RU 
105 |a y j 000zy 
200 1 |a Конфликтология  |e учебное пособие: Дистанционное образование  |f С. В. Маслова  |g Томский политехнический университет (ТПУ), Институт дистанционного образования (ИДО) 
210 |a Томск  |c Изд-во ТПУ  |d 2001 
215 |a 72 с. 
610 1 |a психология 
610 1 |a общение 
610 1 |a конфликты 
610 1 |a конфликтология 
610 1 |a межличностные конфликты 
610 1 |a групповые конфликты 
610 1 |a социальные конфликты 
610 1 |a дистанционное образование 
610 1 |a учебные пособия 
686 |a Ю953я73  |v LBC/SL-A  |2 rubbk 
700 1 |a Маслова  |b С. В.  |g Светлана Валерьевна 
712 0 2 |a Томский политехнический университет (ТПУ)  |b Институт дистанционного образования (ИДО)  |2 stltpush  |3 (RuTPU)RU\TPU\col\12625 
801 0 |a RU  |b 63413507  |c 20011209  |g PSBO 
801 2 |a RU  |b 63413507  |c 20201126  |g PSBO 
900 |a Конфликтология 
942 |c BK